[Event "Niedersachsen-ch Seniors op 14th"]
[Site "Bad Bevensen"]
[Date "2011.07.13"]
[Round "9"]
[White "Donner, Ernst"]
[Black "Nolte, Wilhelm"]
[Result "1/2-1/2"]
[WhiteElo "1398"]
[BlackElo "1593"]
[PlyCount "21"]
[EventDate "2011.07.05"]
[EventType "swiss"]
[EventRounds "9"]
[EventCountry "GER"]
[SourceTitle "EXT 2012"]
[Source "ChessBase"]
[SourceDate "2011.11.24"]
[SourceVersion "1"]
[SourceVersionDate "2011.11.24"]
[SourceQuality "1"]

1. e4 e6 2. d4 d5 3. e5 c5 4. c3 Nc6 5. Nf3 cxd4 6. cxd4 Qb6 7. a3 Nge7 8. b4 a6 9. Bb2 Bd7 10. Nc3 Na7 11. Na4 1/2-1/2

[Event "Niedersachsen-ch Seniors op 14th"]
[Site "Bad Bevensen"]
[Date "2011.07.07"]
[Round "3"]
[White "Smits, Oswald"]
[Black "Donner, Ernst"]
[Result "1-0"]
[WhiteElo "1692"]
[BlackElo "1398"]
[PlyCount "62"]
[EventDate "2011.07.05"]
[EventType "swiss"]
[EventRounds "9"]
[EventCountry "GER"]
[SourceTitle "EXT 2012"]
[Source "ChessBase"]
[SourceDate "2011.11.24"]
[SourceVersion "1"]
[SourceVersionDate "2011.11.24"]
[SourceQuality "1"]

1. d4 d6 2. c4 g6 3. e4 Bg7 4. Nc3 c6 5. Nf3 Bg4 6. Be2 Qc7 7. h3 Bxf3 8. Bxf3 Nd7 9. Bf4 a6 10. 0-0 e5 11. dxe5 dxe5 12. Be3 Ngf6 13. Qc2 0-0 14. Rad1 Rad8 15. Na4 c5 16. Qb3 b6 17. Rd2 Rb8 18. Nc3 Rfd8 19. Rfd1 Rb7 20. Nd5 Nxd5 21. Rxd5 Qc8 22. Bg4 h5 23. Bxd7 Rbxd7 24. Qxb6 Rxd5 25. cxd5 Bf8 26. Rc1 Bd6 27. Bxc5 Bc7 28. Qf6 Bb6 29. Qxb6 Rd7 30. b4 Rb7 31. Qxa6 Qb8 1-0

[Event "Hessen-ch Seniors op 07th"]
[Site "Bad Sooden-Allendorf"]
[Date "2011.05.06"]
[Round "7"]
[White "Donner, Ernst"]
[Black "Bangert, Ruediger"]
[Result "1-0"]
[WhiteElo "1384"]
[BlackElo "1478"]
[PlyCount "53"]
[EventDate "2011.04.30"]
[EventType "swiss"]
[EventRounds "9"]
[EventCountry "GER"]
[SourceTitle "EXT 2012"]
[Source "ChessBase"]
[SourceDate "2011.11.24"]
[SourceVersion "1"]
[SourceVersionDate "2011.11.24"]
[SourceQuality "1"]

1. e4 d6 2. Nf3 b6 3. Bc4 Bb7 4. d3 e6 5. Bg5 Be7 6. Bxe7 Nxe7 7. 0-0 0-0 8. Nc3 a6 9. Ne2 Nbc6 10. a3 Ng6 11. Ng3 Qf6 12. c3 Rad8 13. Qe2 Rfe8 14. Nh5 Qe7 15. Qe3 Nce5 16. Nxe5 Nxe5 17. Qg3 f6 18. Bxe6+ Kh8 19. Bd5 Bc8 20. f4 Ng6 21. f5 Nf8 22. Rf4 g5 23. h4 h6 24. hxg5 hxg5 25. Qg4 Ng6 26. Rf2 Rf8 27. g3 1-0

[Event "Hessen-ch Seniors op 07th"]
[Site "Bad Sooden-Allendorf"]
[Date "2011.05.05"]
[Round "6"]
[White "Narr, Irmgard"]
[Black "Donner, Ernst"]
[Result "1-0"]
[WhiteElo "1600"]
[BlackElo "1384"]
[PlyCount "65"]
[EventDate "2011.04.30"]
[EventType "swiss"]
[EventRounds "9"]
[EventCountry "GER"]
[SourceTitle "EXT 2012"]
[Source "ChessBase"]
[SourceDate "2011.11.24"]
[SourceVersion "1"]
[SourceVersionDate "2011.11.24"]
[SourceQuality "1"]

1. e4 d6 2. Nf3 Bg4 3. d4 c6 4. Be3 g6 5. c3 Bg7 6. Bc4 e6 7. h3 Bxf3 8. Qxf3 Ne7 9. Nd2 0-0 10. 0-0 Qc7 11. Bf4 Nd7 12. Rfe1 e5 13. Bg5 Rae8 14. Be3 b5 15. Bb3 c5 16. dxc5 dxc5 17. Rad1 c4 18. Bc2 Kh8 19. a4 a6 20. axb5 axb5 21. Ra1 Qb7 22. Ra7 Qc6 23. Rea1 f6 24. R1a6 Qc8 25. Nf1 Nc6 26. Qd1 Nxa7 27. Rxa7 Rd8 28. Qd5 Nb8 29. Qxb5 Qc6 30. Qb4 Na6 31. Qe7 Rg8 32. Bh6 Qd6 33. Bxg7+ 1-0

[Event "Niedersachsen-ch Seniors op 13th"]
[Site "Bad Bevensen"]
[Date "2010.07.06"]
[Round "1"]
[White "Raessler, Arndt"]
[Black "Donner, Ernst"]
[Result "1-0"]
[WhiteElo "1792"]
[BlackElo "1405"]
[PlyCount "65"]
[EventDate "2010.07.06"]
[EventType "swiss"]
[EventRounds "9"]
[EventCountry "GER"]
[SourceTitle "EXT 2012"]
[Source "ChessBase"]
[SourceDate "2011.11.24"]
[SourceVersion "1"]
[SourceVersionDate "2011.11.24"]
[SourceQuality "1"]

1. d4 d6 2. e4 g6 3. c4 c6 4. Nc3 Bg7 5. Nf3 Bg4 6. Be2 Nd7 7. Be3 Qc7 8. Rc1 a6 9. 0-0 e5 10. h3 Bxf3 11. Bxf3 Ngf6 12. b4 0-0 13. Qb3 b5 14. cxb5 axb5 15. Nxb5 Qb6 16. Nxd6 exd4 17. Bd2 Ne5 18. Nc4 Nxf3+ 19. gxf3 Qa6 20. Na5 Qe2 21. Bg5 d3 22. Kg2 d2 23. Rcd1 Rad8 24. Qe3 Qxe3 25. Bxe3 Nxe4 26. fxe4 Bc3 27. Nxc6 Rd3 28. Ne7+ Kg7 29. Nd5 Rc8 30. Nxc3 Rcxc3 31. Rxd2 Rxd2 32. Bxd2 Rc2 33. Be3 1-0

[Event "Bad Bevensen Seniors op 12th"]
[Site "Bad Bevensen"]
[Date "2009.07.11"]
[Round "5"]
[White "Schuld, Hartmut"]
[Black "Donner, Ernst"]
[Result "1-0"]
[WhiteElo "1619"]
[BlackElo "1392"]
[PlyCount "71"]
[EventDate "2009.07.07"]
[EventType "swiss"]
[EventRounds "9"]
[EventCountry "GER"]
[SourceTitle "EXT 2022"]
[Source "ChessBase"]
[SourceDate "2021.10.06"]
[SourceVersion "1"]
[SourceVersionDate "2021.10.06"]
[SourceQuality "1"]

1. d4 g6 2. Nf3 Bg7 3. c4 c6 4. e4 d6 5. Nc3 Bg4 6. h3 Bxf3 7. gxf3 Nd7 8. Be3 Qc7 9. Qb3 a6 10. Rd1 Ngf6 11. Be2 e5 12. f4 exd4 13. Bxd4 c5 14. Be3 Rb8 15. a4 0-0 16. Qc2 Rfd8 17. h4 Nf8 18. h5 Rd7 19. hxg6 fxg6 20. f5 Qd8 21. Bg5 Qe8 22. Bxf6 Bxf6 23. Nd5 Bg7 24. Bg4 Rdd8 25. f3 Qe5 26. Rd2 b5 27. cxb5 axb5 28. a5 Ra8 29. Qb3 Kh8 30. fxg6 Nxg6 31. Rdh2 Nf8 32. Bf5 Rxa5 33. Bxh7 Nxh7 34. Rxh7+ Kg8 35. Ne7+ Kf8 36. Ng6+ 1-0

[Event "Hessen-ch Seniors op 05th"]
[Site "Bad Sooden-Allendorf"]
[Date "2009.04.28"]
[Round "4"]
[White "Donner, Ernst"]
[Black "Stieglitz, Gotthard"]
[Result "1-0"]
[WhiteElo "1406"]
[BlackElo "1249"]
[PlyCount "87"]
[EventDate "2009.04.25"]
[EventType "swiss"]
[EventRounds "9"]
[EventCountry "GER"]
[SourceTitle "EXT 2022"]
[Source "ChessBase"]
[SourceDate "2021.10.06"]
[SourceVersion "1"]
[SourceVersionDate "2021.10.06"]
[SourceQuality "1"]

1. e4 e5 2. Nf3 d6 3. Bc4 Be7 4. d3 Bg4 5. a3 c6 6. Nbd2 Nd7 7. h3 Bh5 8. g4 Bg6 9. Nf1 Nb6 10. Ba2 Nf6 11. Nh4 Nxe4 12. Nxg6 Nxf2 13. Kxf2 hxg6 14. Qf3 Bh4+ 15. Ng3 Qe7 16. Ke2 0-0-0 17. Qxf7 d5 18. Qxe7 Bxe7 19. Bd2 Na4 20. b3 Nc5 21. a4 Ne6 22. Raf1 Bd6 23. Be3 d4 24. Bd2 Nf4+ 25. Bxf4 exf4 26. Ne4 Be5 27. b4 Rhf8 28. Ng5 f3+ 29. Rxf3 Rxf3 30. Kxf3 Rf8+ 31. Kg2 Bf6 32. Rf1 Re8 33. Ne4 Be5 34. Rf7 a6 35. Kf1 b5 36. axb5 axb5 37. Nc5 Bd6 38. Rxg7 Rf8+ 39. Rf7 Rxf7+ 40. Bxf7 g5 41. Ke2 Bxc5 42. bxc5 Kd7 43. Bb3 Ke7 44. Kf3 1-0

[Event "Hessen-ch Seniors op 05th"]
[Site "Bad Sooden-Allendorf"]
[Date "2009.04.27"]
[Round "3"]
[White "Maximowski, Alexander"]
[Black "Donner, Ernst"]
[Result "1-0"]
[WhiteElo "1615"]
[BlackElo "1406"]
[PlyCount "55"]
[EventDate "2009.04.25"]
[EventType "swiss"]
[EventRounds "9"]
[EventCountry "GER"]
[SourceTitle "EXT 2022"]
[Source "ChessBase"]
[SourceDate "2021.10.06"]
[SourceVersion "1"]
[SourceVersionDate "2021.10.06"]
[SourceQuality "1"]

1. e4 d6 2. d4 g6 3. Nf3 Bg4 4. Be2 Bg7 5. h3 Bxf3 6. Bxf3 c6 7. 0-0 Nd7 8. Nc3 Qc7 9. Be3 Ngf6 10. d5 0-0 11. dxc6 bxc6 12. Bd4 e5 13. Be3 a6 14. Qd3 Rfb8 15. Rab1 Ne8 16. b4 Rb7 17. a4 Rab8 18. Qxa6 Rxb4 19. Rxb4 Rxb4 20. Rb1 Rxb1+ 21. Nxb1 Qb8 22. Nc3 Qc7 23. a5 Bf6 24. Qa8 Kf8 25. a6 Nb6 26. Bxb6 Qxb6 27. a7 Bd8 28. Qb8 1-0

[Event "Niedersachsen-ch Seniors op 11th"]
[Site "Bad Bevensen"]
[Date "2008.07.16"]
[Round "9"]
[White "Polifka, Wilfried"]
[Black "Donner, Ernst"]
[Result "0-1"]
[WhiteElo "1553"]
[BlackElo "1420"]
[PlyCount "157"]
[EventDate "2008.07.08"]
[EventType "swiss"]
[EventRounds "9"]
[EventCountry "GER"]
[SourceTitle "EXT 2022"]
[Source "ChessBase"]
[SourceDate "2021.10.06"]
[SourceVersion "1"]
[SourceVersionDate "2021.10.06"]
[SourceQuality "1"]

1. f4 Nf6 2. Nf3 c6 3. e3 d6 4. b3 Bg4 5. Be2 Nbd7 6. Bb2 g6 7. 0-0 Bg7 8. Nc3 0-0 9. h3 Bxf3 10. Rxf3 e6 11. d4 d5 12. Bd3 Qc7 13. Ne2 Nh5 14. Ng3 Nxg3 15. Rxg3 Rac8 16. Qe2 f5 17. c4 Nf6 18. Rc1 Qd7 19. Qd1 Nh5 20. Rf3 Nf6 21. h4 Nh5 22. Be2 Nf6 23. Rh3 h5 24. a4 a6 25. Ba3 Rf7 26. Qe1 Bf8 27. b4 Rg7 28. Qd2 Ne4 29. Qd3 Be7 30. g3 Nf6 31. Rh2 Kh7 32. Bf3 Rgg8 33. Rhc2 Rgd8 34. b5 Bxa3 35. Qxa3 axb5 36. axb5 Ra8 37. Qb4 Qd6 38. Qb2 Qa3 39. Kg2 Qxb2 40. Rxb2 Ra3 41. Kf2 Rda8 42. bxc6 bxc6 43. Rb7+ Kh6 44. Re7 Ra2+ 45. Ke1 R8a3 46. Bd1 Rxe3+ 47. Kf1 Ne4 48. Rc2 Rxc2 49. Bxc2 Rc3 50. Bd1 Rxc4 51. Rxe6 Nxg3+ 52. Kg2 Rxd4 53. Bf3 Ne4 54. Rxc6 Rd2+ 55. Kg1 Rd3 56. Be2 Re3 57. Ba6 Rg3+ 58. Kh2 Rg4 59. Kh3 Rxf4 60. Bc8 d4 61. Be6 d3 62. Rc7 d2 63. Rd7 d1Q 64. Rxd1 Nf2+ 65. Kg3 Nxd1 66. Kxf4 Nf2 67. Bd7 Nh3+ 68. Kg3 Ng1 69. Kf4 Ne2+ 70. Kf3 Nd4+ 71. Ke3 Nb3 72. Kf4 Nc5 73. Bc8 Nd3+ 74. Ke3 Nc5 75. Kf4 Kg7 76. Kg5 Ne4+ 77. Kf4 Kf6 78. Bb7 Ke6 79. Bxe4 0-1

[Event "Niedersachsen-ch Seniors op 11th"]
[Site "Bad Bevensen"]
[Date "2008.07.15"]
[Round "8"]
[White "Donner, Ernst"]
[Black "Polk, Maria"]
[Result "1-0"]
[WhiteElo "1420"]
[BlackElo "1171"]
[PlyCount "69"]
[EventDate "2008.07.08"]
[EventType "swiss"]
[EventRounds "9"]
[EventCountry "GER"]
[SourceTitle "EXT 2022"]
[Source "ChessBase"]
[SourceDate "2021.10.06"]
[SourceVersion "1"]
[SourceVersionDate "2021.10.06"]
[SourceQuality "1"]

1. Nc3 c5 2. e4 e6 3. f4 d5 4. exd5 exd5 5. Bb5+ Nc6 6. Qe2+ Be7 7. Nf3 Qd6 8. Qe5 Be6 9. 0-0 f6 10. Qxd6 Bxd6 11. Bxc6+ bxc6 12. d4 Kf7 13. Bd2 Ne7 14. b3 Nf5 15. Ne2 Rhe8 16. Rae1 Nh6 17. h3 Bf5 18. c3 Bd3 19. Rf2 Bc2 20. g4 Be4 21. f5 Ng8 22. Kg2 Bd3 23. Bf4 Be7 24. Bg3 a5 25. Nf4 Bb5 26. Ne6 Rac8 27. a4 Ba6 28. Nc7 Bd3 29. Nxe8 Rxe8 30. Rd2 c4 31. Re3 Be4 32. bxc4 Ba3 33. Ree2 Bd3 34. Rxe8 Kxe8 35. Rxd3 1-0

[Event "Hessen-ch Seniors op 04th"]
[Site "Bad Sooden-Allendorf"]
[Date "2008.04.30"]
[Round "7"]
[White "Donner, Ernst"]
[Black "Koehler, Marianne"]
[Result "1/2-1/2"]
[WhiteElo "1390"]
[BlackElo "1356"]
[PlyCount "28"]
[EventDate "2008.04.24"]
[EventType "swiss"]
[EventRounds "9"]
[EventCountry "GER"]
[SourceTitle "EXT 2022"]
[Source "ChessBase"]
[SourceDate "2021.10.06"]
[SourceVersion "1"]
[SourceVersionDate "2021.10.06"]
[SourceQuality "1"]

1. e4 e6 2. d4 d5 3. exd5 exd5 4. c4 Nf6 5. h3 a6 6. Nc3 h6 7. Nf3 Nc6 8. c5 Be7 9. Bf4 Ne4 10. Ne2 Be6 11. Ng3 Nxg3 12. Bxg3 Qd7 13. Ne5 Nxe5 14. Bxe5 Rg8 1/2-1/2

[Event "Hessen-ch Seniors op 04th"]
[Site "Bad Sooden-Allendorf"]
[Date "2008.04.29"]
[Round "6"]
[White "Fuchs, Willy"]
[Black "Donner, Ernst"]
[Result "1-0"]
[WhiteElo "1543"]
[BlackElo "1390"]
[PlyCount "95"]
[EventDate "2008.04.24"]
[EventType "swiss"]
[EventRounds "9"]
[EventCountry "GER"]
[SourceTitle "EXT 2022"]
[Source "ChessBase"]
[SourceDate "2021.10.06"]
[SourceVersion "1"]
[SourceVersionDate "2021.10.06"]
[SourceQuality "1"]

1. d4 Nf6 2. Nf3 g6 3. Nbd2 Bg7 4. e4 d6 5. Bd3 Bg4 6. c3 Nbd7 7. 0-0 c6 8. Re1 Qc7 9. Nf1 e5 10. h3 Bxf3 11. Qxf3 0-0 12. Bd2 Qb6 13. Be3 Qc7 14. Rec1 a6 15. Rab1 Rfb8 16. c4 b6 17. b3 c5 18. d5 Rb7 19. Nd2 a5 20. Rb2 Qd8 21. Qd1 Qe7 22. Be2 Qe8 23. f3 Nh5 24. Qe1 Qe7 25. Rbb1 Nhf6 26. Nf1 Nh5 27. Nh2 Bf6 28. g3 Bg7 29. Ng4 Ndf6 30. Bg5 h6 31. Nxh6+ Bxh6 32. Bxh6 Kh7 33. Bg5 Ng7 34. g4 Rh8 35. Kg2 Nge8 36. Qg3 Kg7 37. h4 Rb8 38. Rh1 Nc7 39. Bd3 Rh7 40. Rbf1 Rbh8 41. f4 Nce8 42. fxe5 dxe5 43. Rf2 Qd7 44. Rhf1 Qxg4 45. Qxg4 Nxg4 46. Rxf7+ Kg8 47. Rf8+ Kg7 48. R1f7# 1-0

[Event "GER-ch Seniors Gp-B 19th"]
[Site "Templin"]
[Date "2007.08.25"]
[Round "3"]
[White "Donner, Ernst"]
[Black "Schuld, Hartmut"]
[Result "0-1"]
[WhiteElo "1405"]
[BlackElo "1627"]
[PlyCount "104"]
[EventDate "2007.08.23"]
[EventType "swiss"]
[EventRounds "9"]
[EventCountry "GER"]
[SourceTitle "EXT 2022"]
[Source "ChessBase"]
[SourceDate "2021.10.06"]
[SourceVersion "1"]
[SourceVersionDate "2021.10.06"]
[SourceQuality "1"]

1. e4 g6 2. Nf3 Bg7 3. g3 d6 4. Bg2 Nf6 5. d3 Nbd7 6. c3 0-0 7. 0-0 e5 8. Bd2 h6 9. Qc1 Kh7 10. Na3 Nc5 11. Ne1 Ne6 12. Nf3 c6 13. Nc4 Ng8 14. Be3 Ne7 15. b4 f5 16. exf5 Nxf5 17. Re1 Nxe3 18. fxe3 Qc7 19. e4 b5 20. Ncd2 h5 21. Rf1 Bh6 22. Kh1 Qe7 23. Qe1 Bd7 24. Qe2 a5 25. a3 a4 26. Ng1 Ng5 27. Rxf8 Rxf8 28. Rf1 Bg4 29. Ndf3 Nxf3 30. Bxf3 Be6 31. Bg2 Rf7 32. Bh3 Rxf1 33. Qxf1 Bb3 34. Nf3 Kg7 35. Bg2 Qf7 36. h3 Be6 37. Qe2 Bc1 38. Qd1 Be3 39. Qe1 Bh6 40. Qe2 Kg8 41. Kh2 Bd7 42. Nh4 Kg7 43. Nf3 Qb3 44. g4 hxg4 45. hxg4 Bf4+ 46. Kh3 Qxa3 47. Qe1 Qc1 48. Qh4 g5 49. Qf2 Qe3 50. Qb2 Qa7 51. Qa2 Qa8 52. Qa3 Qh8+ 0-1

[Event "GER-ch Seniors Gp-B 19th"]
[Site "Templin"]
[Date "2007.08.24"]
[Round "2"]
[White "Mellenthin, Horst"]
[Black "Donner, Ernst"]
[Result "1/2-1/2"]
[WhiteElo "1658"]
[BlackElo "1405"]
[PlyCount "49"]
[EventDate "2007.08.23"]
[EventType "swiss"]
[EventRounds "9"]
[EventCountry "GER"]
[SourceTitle "EXT 2022"]
[Source "ChessBase"]
[SourceDate "2021.10.06"]
[SourceVersion "1"]
[SourceVersionDate "2021.10.06"]
[SourceQuality "1"]

1. e4 d6 2. Nf3 g6 3. Bc4 e6 4. Nc3 a6 5. a4 Bg7 6. d4 h6 7. Be3 c6 8. 0-0 Qc7 9. Qd2 Nd7 10. Rfd1 Nb6 11. Be2 Ne7 12. a5 Nd7 13. h3 d5 14. Bf4 Qd8 15. exd5 cxd5 16. Na4 Nf5 17. Qc3 0-0 18. Bc7 Qf6 19. g4 Ne7 20. Ne5 Nxe5 21. Bxe5 Qg5 22. Nb6 Bxe5 23. dxe5 Rb8 24. Qg3 Nc6 25. f4 1/2-1/2

[Event "Hessen-ch Seniors op 03rd"]
[Site "Bad Sooden-Allendorf"]
[Date "2007.05.01"]
[Round "4"]
[White "Donner, Ernst"]
[Black "Schmieder, Horst"]
[Result "0-1"]
[WhiteElo "1413"]
[BlackElo "1620"]
[PlyCount "62"]
[EventDate "2007.04.27"]
[EventType "swiss"]
[EventRounds "9"]
[EventCountry "GER"]
[SourceTitle "EXT 2022"]
[Source "ChessBase"]
[SourceDate "2021.10.06"]
[SourceVersion "1"]
[SourceVersionDate "2021.10.06"]
[SourceQuality "1"]

1. Nc3 d5 2. e3 e5 3. g3 Nf6 4. h3 c6 5. Bg2 Bd6 6. a3 a5 7. Nge2 b5 8. b3 Nbd7 9. Bb2 Ba6 10. d4 e4 11. Qd2 Qc7 12. 0-0 0-0 13. Na2 h6 14. Kh2 Nh7 15. Rh1 f5 16. b4 a4 17. Raf1 Rf7 18. f4 exf3 19. Rxf3 Raf8 20. Nac1 Ng5 21. Rf2 Bc8 22. Nd3 Nf6 23. Qe1 Nfe4 24. Bxe4 fxe4 25. Ndf4 Nf3+ 26. Rxf3 exf3 27. Ng1 g5 28. Nxf3 gxf4 29. gxf4 Bxf4+ 30. exf4 Qxf4+ 31. Kg2 Qxf3+ 0-1

[Event "Hessen-ch Seniors op 01st"]
[Site "Bad Sooden-Allendorf"]
[Date "2005.04.29"]
[Round "8"]
[White "Donner, Ernst"]
[Black "Blask, Gerhard"]
[Result "0-1"]
[WhiteElo "1424"]
[BlackElo "1643"]
[PlyCount "89"]
[EventDate "2005.04.22"]
[EventType "swiss"]
[EventRounds "9"]
[EventCountry "GER"]
[SourceTitle "EXT 2007"]
[Source "ChessBase"]
[SourceDate "2006.11.23"]
[SourceVersion "1"]
[SourceVersionDate "2006.11.23"]
[SourceQuality "1"]

1. f4 Nf6 2. Nf3 d6 3. e3 Nc6 4. b3 Bf5 5. d3 e6 6. Be2 h6 7. Bb2 Be7 8. h3 Rg8 9. e4 Bh7 10. g4 Nd7 11. h4 Bf6 12. c3 g6 13. Qc2 e5 14. f5 gxf5 15. gxf5 Qe7 16. Nbd2 0-0-0 17. 0-0-0 Nb6 18. Rh2 d5 19. Kb1 a5 20. a4 d4 21. Rdh1 Rg7 22. Ng5 Bg8 23. Ngf3 Qd6 24. Ka2 Be7 25. Nb1 Qc5 26. Rc1 dxc3 27. Bxc3 f6 28. Bd2 Qxc2+ 29. Rxc2 Nxa4 30. d4 exd4 31. Bb5 Nc5 32. Rxc5 Bxc5 33. Bxc6 bxc6 34. Bxa5 Bb6 35. Bd2 Rg3 36. Rf2 h5 37. Kb2 Rg4 38. e5 fxe5 39. Bg5 e4 40. Bxd8 exf3 41. Bg5 Rg2 42. Rc2 d3 43. Rd2 Ba5 44. Nc3 Bxc3+ 45. Kxc3 0-1

[Event "Hessen-ch Seniors op 01st"]
[Site "Bad Sooden-Allendorf"]
[Date "2005.04.24"]
[Round "3"]
[White "Donner, Ernst"]
[Black "Schoeffler, Herta"]
[Result "1/2-1/2"]
[WhiteElo "1424"]
[BlackElo "1324"]
[PlyCount "84"]
[EventDate "2005.04.22"]
[EventType "swiss"]
[EventRounds "9"]
[EventCountry "GER"]
[SourceTitle "EXT 2007"]
[Source "ChessBase"]
[SourceDate "2006.11.23"]
[SourceVersion "1"]
[SourceVersionDate "2006.11.23"]
[SourceQuality "1"]

1. f4 Nf6 2. Nf3 h6 3. e3 d6 4. Be2 Nc6 5. b3 e6 6. Bb2 Be7 7. 0-0 0-0 8. Qe1 b6 9. a3 Bb7 10. Nc3 a6 11. Nd1 a5 12. d3 Qd7 13. e4 Rfe8 14. Ra2 b5 15. Ba1 b4 16. a4 Ba6 17. h3 Nh5 18. Ne5 dxe5 19. Bxh5 Bc5+ 20. Kh1 Rf8 21. fxe5 Bd4 22. Qg3 Bxa1 23. Rxa1 Qd4 24. Ne3 Qxe5 25. Qxe5 Nxe5 26. Rf2 c5 27. Raf1 g6 28. Be2 Rad8 29. Ng4 Nxg4 30. Bxg4 h5 31. Be2 Bb7 32. g4 hxg4 33. hxg4 Kg7 34. g5 Rh8+ 35. Kg1 Rdf8 36. Bf3 e5 37. Rg2 Bc8 38. Bg4 Bxg4 39. Rxg4 Rh5 40. Rg2 f6 41. gxf6+ Rxf6 42. Rc1 Rf3 1/2-1/2